000 00550nam a2200229Ia 4500
003 OSt
005 20230401125201.0
008 210423s2005 xx 000 0 und d
020 _a8122901980
040 _cAL
041 _aeng
082 _a070.1 ALLC
_223
100 _aALLEN (Craig M)
_981979
245 _aNews is people
260 _aNew Delhi
_bSurjeeth Publications
_c2005
300 _axvii,323
_bPB
365 _b250
_cINR
650 _aGeneral
_981980
650 _aMass Media
_981981
906 _aNews ; people
942 _2ddc
_cBK
999 _c155487
_d155487